| 000 -LEADER |
| fixed length control field |
00911cam a2200229 a 4500 |
| 001 - CONTROL NUMBER |
| control field |
14308521 |
| 005 - DATE AND TIME OF LATEST TRANSACTION |
| control field |
20230314164310.0 |
| 008 - FIXED-LENGTH DATA ELEMENTS--GENERAL INFORMATION |
| fixed length control field |
060321s2006 nyu 000 0 eng |
| 020 ## - INTERNATIONAL STANDARD BOOK NUMBER |
| International Standard Book Number |
9781932716245x |
| 041 ## - LANGUAGE CODE |
| Language code of text/sound track or separate title |
eng |
| 080 ## - UNIVERSAL DECIMAL CLASSIFICATION NUMBER |
| Universal Decimal Classification number |
811.111.1 R-98 |
| 100 1# - MAIN ENTRY--PERSONAL NAME |
| Personal name |
Rybold, Gary |
| 9 (RLIN) |
17209 |
| 245 10 - TITLE STATEMENT |
| Title |
Speaking, listening and understanding : |
| Remainder of title |
debate for non-native English speakers / |
| Statement of responsibility, etc. |
Gary Rybold. |
| 264 ## - PRODUCTION, PUBLICATION, DISTRIBUTION, MANUFACTURE, AND COPYRIGHT NOTICE |
| Place of production, publication, distribution, manufacture |
New York, NY : |
| Name of producer, publisher, distributor, manufacturer |
International Debate Education Association, |
| Date of production, publication, distribution, manufacture, or copyright notice |
2006. |
| 300 ## - PHYSICAL DESCRIPTION |
| Extent |
180 p. ; |
| Dimensions |
23 cm. |
| 653 ## - INDEX TERM--UNCONTROLLED |
| keyword |
სალაპარაკო ინგლისური |
| 653 ## - INDEX TERM--UNCONTROLLED |
| keyword |
დებატები |
| 653 ## - INDEX TERM--UNCONTROLLED |
| keyword |
უცხოელი მოსაუბრეები |
| 653 ## - INDEX TERM--UNCONTROLLED |
| keyword |
სწავლა და სწავლება |
| 942 ## - ADDED ENTRY ELEMENTS (KOHA) |
| Source of classification or shelving scheme |
|
| Koha item type |
წიგნი |